[Event "Yerevan"]
[Site "Yerevan"]
[Date "1989.??.??"]
[Round "?"]
[White "Dokhoian, Yury"]
[Black "Gligoric, Svetozar"]
[Result "1/2-1/2"]
[WhiteElo "2575"]
[BlackElo "2505"]

1.d4 Nf6 2.c4 e6 3.Nf3 b6 4.a3 Bb7 5.Nc3 d5 6.cxd5 exd5 7.Bg5 Be7 8.Qa4+ Nbd7
9.Bxf6 Bxf6 10.g3 c5 11.Bh3 a6 12.Rd1 b5 13.Qc2 cxd4 14.Nxd4 O-O 15.O-O Nb6
16.e3 Qc7 17.Rd3 Rad8 18.Ne4 Qxc2 19.Nxf6+ gxf6 20.Nxc2 Nc4 21.Rd4 Nxb2 22.Rb1 Nc4
23.a4 Nd6 24.Bf1 Rc8 25.Bd3 Rc3 26.axb5 axb5 27.Nb4 Rfc8 28.Nxd5 Rc1+ 29.Rxc1 Rxc1+
30.Kg2 Kg7 31.f3 Nc4 32.Kf2 Ne5 33.Be2 f5 34.h3 Rc2 35.Ke1 Rc5 36.e4 fxe4
37.fxe4 f5 38.Nf4  1/2-1/2

[Event "JUG-chT"]
[Site "Zlatibor"]
[Date "1989.??.??"]
[Round "?"]
[White "Stojakovic, Branko"]
[Black "Maksimovic, Branimir"]
[Result "1/2-1/2"]
[WhiteElo "2320"]
[BlackElo "2350"]

1.d4 Nf6 2.Nf3 e6 3.c4 b6 4.a3 Bb7 5.Nc3 Ne4 6.Nxe4 Bxe4 7.e3 Be7 8.Bd3 Bxd3
9.Qxd3 d5 10.O-O c6 11.e4 O-O 12.Bf4 Nd7 13.cxd5 cxd5 14.exd5 exd5 15.Rac1  1/2-1/2

[Event "Baden-Baden op"]
[Site "Baden-Baden"]
[Date "1990.??.??"]
[Round "2"]
[White "Fahnenschmidt, Gerhard"]
[Black "Farago, Ivan"]
[Result "0-1"]
[WhiteElo "2390"]
[BlackElo "2465"]

1.d4 Nf6 2.c4 e6 3.Nf3 b6 4.a3 Ba6 5.Qc2 Bb7 6.Nc3 c5 7.dxc5 bxc5 8.Bg5 Be7
9.e3 O-O 10.Be2 d6 11.O-O Nbd7 12.Rfd1 a6 13.Rd2 Qc7 14.Rad1 Rfd8 15.Bf4 Nf8
16.Ng5 Ne8 17.Nf3 Ng6 18.Bg3 Nf6 19.Ng5 Ne8 20.Nf3 Rac8 21.Ne1 Nf6 22.Bf3 Bxf3
23.Nxf3 Nh5 24.Ne4 Nxg3 25.Nxg3 Rb8 26.Nh5 Rb6 27.Rd3 Rdb8 28.b3 Qb7 29.Rb1 Bf8
30.Ng3 a5 31.a4 Rb4 32.Nd2 Ne5 33.Rc3 d5 34.cxd5 exd5 35.Qf5 g6 36.Qxe5 Bg7
37.Qxb8+ Qxb8 38.Rxc5 d4 39.Rbc1 Bf8 40.Rc8 Qa7 41.exd4 Qxd4 42.Nf3 Qd5 43.Re8 Kg7
44.h4 Bd6 45.Rcc8 Qxb3 46.Rg8+ Kf6 47.Rc6 Qe6 48.Rc1 Bxg3  0-1

[Event "Baden-Baden op"]
[Site "Baden-Baden"]
[Date "1990.??.??"]
[Round "7"]
[White "Klebel, Martin"]
[Black "Alexandria, Nana"]
[Result "1-0"]
[WhiteElo "2370"]
[BlackElo "2345"]

1.d4 Nf6 2.c4 e6 3.Nf3 b6 4.a3 Bb7 5.Nc3 d5 6.cxd5 Nxd5 7.e3 Be7 8.Bb5+ c6
9.Bd3 Nxc3 10.bxc3 c5 11.O-O Nc6 12.Bb2 O-O 13.Qe2 Rc8 14.Rad1 cxd4 15.cxd4 Bf6
16.e4 Na5 17.Rfe1 Re8 18.h3 Rc7 19.Bb5 Bc6 20.Bxc6 Rxc6 21.d5 exd5 22.Rxd5 Qc8
23.e5 Rc2 24.Qb5 Be7 25.Nd4 Rc5 26.Qd7 Qxd7 27.Rxd7 Nc4 28.Nf5 Nxb2 29.Nxe7+ Kf8
30.e6 f6 31.Nd5 Nd3 32.Nxf6 gxf6 33.Rxd3 Ra5 34.f4 h5 35.Kf2 h4 36.g4 hxg3+
37.Kxg3 Re7 38.Kg4 Rg7+ 39.Kf3 Re7 40.Rd8+ Re8 41.e7+ Kf7 42.Rxe8 Kxe8 43.Kg4 Rxa3
44.Kf5 Rxh3 45.Kxf6 a5 46.f5 a4 47.Ke6 a3 48.f6 Rf3 49.Rh1 Re3+ 50.Kf5 Rf3+
51.Kg5 Rg3+ 52.Kf4 Rg8 53.Kf5  1-0

[Event "Belgorod"]
[Site "Belgorod"]
[Date "1990.??.??"]
[Round "?"]
[White "Kiselev, Sergey"]
[Black "Howell, James C"]
[Result "1/2-1/2"]
[WhiteElo "2450"]
[BlackElo "2450"]

1.d4 Nf6 2.Nf3 e6 3.c4 b6 4.a3 Bb7 5.Nc3 d5 6.cxd5 Nxd5 7.Qc2 Nxc3 8.bxc3 c5
9.e3 Nc6 10.Bd3 h6 11.O-O Be7 12.Bb2 cxd4 13.cxd4 O-O 14.Rad1 Bf6 15.Rfe1 Rc8
16.Qe2 Na5 17.e4 Re8 18.Bb1 Nc4 19.Bc1 Be7 20.Qd3 Bf8 21.h4 e5 22.Ba2 Qc7
23.Qb3 exd4 24.Rxd4 Na5 25.Qb1 Qc2 26.Bb2 Qxb1 27.Bxb1 Nc4 28.Bc1 Nxa3 29.Bxa3 Bxa3
30.Ra4 Bc5 31.Rxa7 Re7 32.e5 Bxf3 33.Rxe7 Bxe7 34.gxf3 Bxh4 35.Kg2 Bg5 36.Re4 Kf8
37.Ra4 Rc7 38.f4 Bd8 39.f5 Rc8 40.f4 Ke7 41.Bd3  1/2-1/2

[Event "Berliner Sommer"]
[Site "Berlin"]
[Date "1990.??.??"]
[Round "?"]
[White "Romanishin, Oleg M"]
[Black "Lau, Ralf"]
[Result "1/2-1/2"]
[WhiteElo "2525"]
[BlackElo "2460"]

1.d4 Nf6 2.c4 e6 3.Nf3 b6 4.a3 Bb7 5.Nc3 d5 6.Bg5 Be7 7.Rc1 dxc4 8.e3 Nbd7
9.Bxc4 O-O 10.O-O h6 11.Bf4 c5 12.dxc5 Nxc5 13.Qe2 a6 14.Rfd1 Qe8 15.b4 Na4
16.Nb5 Ne4 17.Nc7 Nec3 18.Qf1 Qc8 19.Nxa8 Nxd1 20.Qxd1 Qxa8 21.Qxa4 b5 22.Qd1 bxc4
23.Rxc4 a5 24.bxa5 Qxa5 25.Rc7 Bxf3 26.gxf3 Rd8 27.Rd7  1/2-1/2

[Event "Biel-B"]
[Site "Biel"]
[Date "1990.??.??"]
[Round "5"]
[White "Cramling, Pia"]
[Black "Brunner, Lucas"]
[Result "1/2-1/2"]
[WhiteElo "2505"]
[BlackElo "2475"]

1.d4 Nf6 2.c4 e6 3.Nf3 b6 4.a3 Bb7 5.Nc3 d5 6.cxd5 Nxd5 7.Qc2 Be7 8.Bd2 O-O
9.e4 Nxc3 10.Bxc3 Nd7 11.Rd1 Qc8 12.Bd3 Ba6 13.O-O Bxd3 14.Rxd3 Qb7 15.d5 exd5
16.exd5 Rfe8 17.Rfd1 Rad8 18.b4 Bf6 19.h3 Ne5 20.Nxe5 Bxe5 21.Bxe5 Rxe5 22.Qc6 Qxc6
23.dxc6 Rxd3 24.Rxd3 Re1+ 25.Kh2 Kf8 26.Rd7 Re7 27.Rd8+ Re8 28.Rd7 Re7  1/2-1/2

[Event "Bogota op"]
[Site "Bogota"]
[Date "1990.??.??"]
[Round "4"]
[White "Gamboa, Nelson"]
[Black "Rodriguez, Amador"]
[Result "1/2-1/2"]
[WhiteElo "2315"]
[BlackElo "2495"]

1.d4 Nf6 2.c4 e6 3.Nf3 b6 4.a3 c5 5.e3 Bb7 6.Be2 cxd4 7.exd4 d5 8.O-O Be7
9.cxd5 Nxd5 10.Bb5+ Bc6 11.Bd3 O-O 12.Qe2 Nf6 13.Nc3 Bb7 14.Bg5 Nc6 15.Rfd1 Re8
16.Ne4 Nd5 17.Bd2 Rc8 18.Rac1 Nf6 19.Bc3 Qc7 20.Ne5 Nxd4 21.Nxf6+ Bxf6 22.Bxh7+ Kxh7
23.Qh5+ Kg8 24.Bxd4 Qe7 25.Rxc8 Rxc8 26.Bc3 g6 27.Qh3 Rd8 28.Re1 Qc7 29.Qe3 Bg7
30.h3 Rd6 31.Qf4 Rd8 32.Nxg6 Qxf4 33.Nxf4 Bxc3 34.bxc3 Rd2 35.Nh5 Ra2 36.g4 Rxa3
37.Nf6+ Kg7 38.g5  1/2-1/2

[Event "Brocco op"]
[Site "Brocco"]
[Date "1990.??.??"]
[Round "5"]
[White "Landenbergue, Claude"]
[Black "Leuba, Didier"]
[Result "1/2-1/2"]
[WhiteElo "2380"]
[BlackElo "2250"]

1.d4 Nf6 2.c4 e6 3.Nf3 b6 4.a3 Bb7 5.Nc3 d5 6.cxd5 Nxd5 7.Qc2 Nxc3 8.Qxc3 Bd6
9.Bg5 f6 10.Bh4 Nd7 11.e3 Qe7 12.Bb5 O-O 13.Bc6 Bxc6 14.Qxc6 Rac8 15.O-O Nb8
16.Qa4 c5 17.Rac1 Qb7 18.Qc4 Qd5 19.Qxd5 exd5 20.dxc5 bxc5 21.Rfd1 Rfd8 22.Rc2 Nc6
23.Kf1 Bf8 24.Rcd2 Na5 25.Rxd5 Rxd5 26.Rxd5 Nc4 27.b3 Nxa3 28.Rd7 a5 29.Ra7 c4
30.bxc4  1/2-1/2

[Event "Budapest IM-B"]
[Site "Budapest"]
[Date "1990.??.??"]
[Round "1"]
[White "Farago, Sandor"]
[Black "Kiss, Attila"]
[Result "1/2-1/2"]
[WhiteElo "2245"]
[BlackElo "2355"]

1.c4 Nf6 2.d4 e6 3.Nf3 b6 4.a3 Ba6 5.Qc2 Bb7 6.Nc3 c5 7.e4 cxd4 8.Nxd4 Bc5
9.Nb3 Nc6 10.Be2 O-O 11.O-O  1/2-1/2

[Event "Spring op"]
[Site "Budapest"]
[Date "1990.??.??"]
[Round "6"]
[White "Klebel, Martin"]
[Black "Veingold, Aleksandr"]
[Result "0-1"]
[WhiteElo "2335"]
[BlackElo "2435"]

1.d4 Nf6 2.c4 e6 3.Nf3 b6 4.a3 Bb7 5.Nc3 d5 6.cxd5 Nxd5 7.e3 Be7 8.Bb5+ c6
9.Bd3 Nxc3 10.bxc3 c5 11.O-O Nc6 12.Qe2 O-O 13.Bb2 Rc8 14.Rad1 cxd4 15.cxd4 Bf6
16.e4 Na5 17.Ne5 Bxe5 18.dxe5 Qc7 19.Rc1 Qe7 20.f4 Rxc1 21.Rxc1 Nb3 22.Rd1 Nc5
23.f5 Rd8 24.f6 Qf8 25.Rd2 Rxd3  0-1

[Event "Spring op"]
[Site "Budapest"]
[Date "1990.??.??"]
[Round "6"]
[White "Arbakov, Valentin"]
[Black "Ionov, Sergey"]
[Result "1-0"]
[WhiteElo "2415"]
[BlackElo "2480"]

1.c4 Nf6 2.Nf3 e6 3.d4 b6 4.a3 Ba6 5.Qc2 Bb7 6.Nc3 c5 7.e4 cxd4 8.Nxd4 Bc5
9.Nb3 Nc6 10.Bd3 d6 11.O-O O-O 12.Bg5 h6 13.Bh4 g5 14.Bg3 e5 15.Rad1 a5 16.Be2 Qe7
17.Rfe1 Kg7 18.Bf1 Rfd8 19.Nd5 Qf8 20.h4 a4 21.Nxc5 bxc5 22.hxg5 hxg5 23.Nb6 Ra6
24.Nxa4 Nd4 25.Qc1 Kg6 26.Nc3 Qh6 27.f3 Nh5 28.Bh2 Nf4 29.Nb5 Rh8 30.Bxf4 gxf4
31.Nxd4 cxd4 32.Kf2 Qg5 33.Ke2 Rc6 34.Kd2 Bc8 35.Kc2 f5 36.exf5+ Bxf5+ 37.Kb3 Be6
38.Rxd4 Kf6 39.Qd2 Rd8 40.Qa5 Rd7 41.Rdd1 Qg8 42.Ka2 Bxc4+ 43.Bxc4 Qxc4+
44.Ka1 Ke7 45.Rh1 Qc2 46.Qd5 Rc5 47.Qg8 d5 48.Qg7+ Kd6 49.Qf6+ Kc7 50.Qxe5+ Kb7  1-0

[Event "Noviki-B"]
[Site "Budapest"]
[Date "1990.??.??"]
[Round "6"]
[White "Arbakov, Valentin"]
[Black "Schneider, Attila"]
[Result "1-0"]
[WhiteElo "2415"]
[BlackElo "2425"]

1.c4 Nf6 2.Nf3 e6 3.d4 b6 4.a3 Bb7 5.Nc3 d5 6.cxd5 exd5 7.g3 g6 8.Bf4 c6
9.Bg2 Bg7 10.Qc1 O-O 11.Bh6 Nbd7 12.Bxg7 Kxg7 13.O-O Re8 14.b4 Qe7 15.e3 a5
16.Qb2 Kg8 17.Rfc1 Qd6 18.Ne1 h5 19.h3 Reb8 20.Nd3 Bc8 21.Qd2 axb4 22.axb4 b5
23.Ra2 Nb6 24.Rca1 Nc4 25.Qe2 Rxa2 26.Rxa2 Bf5 27.Nc5 Re8 28.Qf3 Qc7 29.Ra6 Kg7
30.Qf4 Qxf4 31.gxf4 Nxe3 32.fxe3 Rxe3 33.Rxc6 Bxh3 34.Rxf6 Rxc3 35.Rc6 Rg3
36.Kh2 Rxg2+ 37.Kxh3 Rd2 38.Rb6 Rxd4 39.f5 Rxb4 40.f6+ Kh6 41.Nd7 g5 42.Ne5 g4+
43.Kh4 Rf4 44.Nxf7+ Kg6 45.Nh8+ Kh7 46.Kg5  1-0

[Event "Cali zt"]
[Site "Cali"]
[Date "1990.??.??"]
[Round "4"]
[White "Moran, Augusto"]
[Black "Alzate, Dario"]
[Result "0-1"]
[WhiteElo "2285"]
[BlackElo "2390"]

1.d4 Nf6 2.c4 e6 3.Nf3 b6 4.a3 Ba6 5.Qc2 c5 6.dxc5 Bxc5 7.e3 O-O 8.b4 Be7
9.Bb2 d6 10.Nbd2 Nbd7 11.Be2 Bb7 12.O-O Rc8 13.Qb3 Rc7 14.Nd4 a6 15.Bf3 Qa8
16.Rac1 Rfc8 17.h3 Ne4 18.Rfd1 Ne5 19.Nxe4 Bxe4 20.Bxe4 Qxe4 21.c5 bxc5 22.bxc5 dxc5
23.Nxe6 Rd7 24.Qc3 Rb7 25.Nxc5 Nf3+ 26.gxf3 Qg6+ 27.Kf1 Rb5 28.Qd4 Rbxc5
29.Rxc5 Rxc5 30.Qa4 Qc6 31.Qf4  0-1

[Event "Cannes op"]
[Site "Cannes"]
[Date "1990.??.??"]
[Round "3"]
[White "Andruet, Gilles"]
[Black "Michalet, Guy"]
[Result "1-0"]
[WhiteElo "2355"]
[BlackElo "2210"]

1.d4 Nf6 2.c4 e6 3.Nf3 b6 4.a3 Bb7 5.Nc3 Ne4 6.Nxe4 Bxe4 7.Nd2 Bb7 8.e4 g6
9.Bd3 Bg7 10.Nf3 d6 11.Bg5 Qd7 12.Qd2 h6 13.Be3 c6 14.O-O Qe7 15.Rab1 Nd7
16.b4 a6 17.c5 dxc5 18.bxc5 b5 19.e5 Rd8 20.h4 Kf8 21.Qc2 Kg8 22.g3 Nf8 23.Kg2 Qe8
24.Nd2 f5 25.exf6 Bxf6 26.Ne4 Be7 27.Bf4 Kf7 28.Be5 Rh7 29.h5 Rg7 30.Qe2 Kg8
31.Nf6+ Bxf6 32.Bxf6 Rdd7 33.Bxg7 Rxg7 34.hxg6 Nxg6 35.Bxg6 Qxg6 36.Rfe1 Bc8
37.Qe5 Bd7 38.Rb3 Rf7 39.Rf3 Rxf3 40.Kxf3 a5 41.Re4 h5 42.Kg2 Be8 43.Qxe6+ Qxe6
44.Rxe6 Bf7 45.Re7 Kg7 46.Ra7 a4 47.d5  1-0

[Event "JUG-chT Cetinje"]
[Site "Cetinje"]
[Date "1990.??.??"]
[Round "7"]
[White "Maksimovic, Branimir"]
[Black "Rajkovic, Dusan"]
[Result "1/2-1/2"]
[WhiteElo "2365"]
[BlackElo "2460"]

1.d4 Nf6 2.c4 e6 3.Nf3 b6 4.a3 Ba6 5.Qb3 Be7 6.Nc3 d5 7.cxd5 exd5 8.Bg5 c6
9.Bxf6 Bxf6 10.e3 Bxf1 11.Kxf1 Qd7 12.e4 O-O 13.exd5 Rd8 14.Re1 h6 15.Ne5 Bxe5
16.Rxe5 Qc7 17.Rf5 cxd5 18.Rxd5 Nc6 19.Rxd8+ Rxd8 20.d5 Ne7 21.g3 Nxd5 22.Nxd5 Qb7
23.Qf3  1/2-1/2

[Event "JUG-chT Cetinje"]
[Site "Cetinje"]
[Date "1990.??.??"]
[Round "9"]
[White "Maksimovic, Branimir"]
[Black "Zelic, Zdravko"]
[Result "1-0"]
[WhiteElo "2365"]
[BlackElo "2395"]

1.d4 Nf6 2.c4 e6 3.Nf3 b6 4.a3 Ba6 5.Qb3 Nc6 6.Qc2 Na5 7.e4 Bb7 8.Nc3 d5
9.cxd5 exd5 10.e5 Ne4 11.Bb5+ c6 12.Bd3 Nxc3 13.bxc3 g6 14.h4 Bc8 15.h5 Rg8
16.Ng5 gxh5 17.Rxh5 Be7 18.Nxf7 Kxf7 19.Rxh7+ Rg7 20.Bg6+ Kg8 21.Bh6 Bf8
22.Bxg7 Bxg7 23.f4 Nc4 24.Kf2 a5 25.Rah1 Ra7 26.Qd3 Qf8 27.Qg3 Bf5 28.Kg1 Ne3
29.Bxf5 Qxf5 30.Qxe3 Qb1+ 31.Kf2 Qc2+ 32.Kf3 c5 33.R7h5 Rc7 34.Kg4 cxd4 35.Qh3 Qg6+
36.Rg5 Qe6+ 37.f5 Qxe5 38.Qh8+ Kf7 39.Qxg7+ Qxg7 40.Rxg7+ Kxg7 41.cxd4 Rc4
42.Kg5 Rxd4 43.Rb1 Rd3 44.g4 Rxa3 45.Rxb6 Rg3 46.Rb7+ Kf8 47.Rd7 a4 48.Rxd5 a3
49.Ra5 Kf7 50.Ra7+ Kg8 51.f6 Kf8 52.Kf5  1-0

[Event "Chartres op"]
[Site "Chartres"]
[Date "1990.??.??"]
[Round "7"]
[White "Cebalo, Miso"]
[Black "Renaze, Luc"]
[Result "1-0"]
[WhiteElo "2525"]
[BlackElo "2245"]

1.d4 Nf6 2.Nf3 e6 3.c4 b6 4.a3 Bb7 5.Nc3 d5 6.cxd5 exd5 7.Qa4+ c6 8.Bg5 Be7
9.e3 O-O 10.Bd3 Nbd7 11.Rd1 Ne4 12.Bxe4 Bxg5 13.Bb1 Bf6 14.O-O Re8 15.Rfe1 Nf8
16.e4 g6 17.exd5 cxd5 18.Ne5 Ne6 19.Ba2 Re7 20.Re3 Bxe5 21.dxe5 Rd7 22.Ne4 Nc5
23.Nf6+ Qxf6 24.Qxd7 Qf4 25.Qe7  1-0

[Event "Cheliabinsk-A"]
[Site "Cheliabinsk"]
[Date "1990.??.??"]
[Round "?"]
[White "Ganbaatar, Ishdagva"]
[Black "Tiviakov, Sergei"]
[Result "0-1"]
[WhiteElo "2255"]
[BlackElo "2500"]

1.d4 Nf6 2.Nf3 e6 3.c4 b6 4.a3 Bb7 5.Nc3 d5 6.cxd5 Nxd5 7.Qc2 Nxc3 8.bxc3 Nd7
9.e4 c5 10.Bd3 Be7 11.Qb2 Qc7 12.O-O O-O 13.Be3 Rac8 14.Qd2 Nf6 15.Bf4 Qd7
16.Qe2 Qa4 17.Bd2 a6 18.e5 Nd7 19.Be3 cxd4 20.cxd4 Rc3 21.Nd2 b5 22.Ne4 Rxa3
23.Rac1 Nxe5 24.Nc3 Rxc3 25.Rxc3 Nxd3 26.Rc7 Ba8 27.Rxe7 Qc4 28.Ra7 b4 29.Rd1 Be4
30.Qg4 Bf5 31.Qf3 h6 32.Qb7 b3 33.Rxa6 Nb2 34.Rf1 Bd3 35.Rc6 Bxf1 36.Rxc4 Bxc4
37.Qb4 Bd5 38.h3 Nd3 39.Qc3 b2 40.Qxd3 Ba2  0-1

[Event "Cheliabinsk-A"]
[Site "Cheliabinsk"]
[Date "1990.??.??"]
[Round "?"]
[White "Ikonnikov, Vyacheslav"]
[Black "Maksimovic, Branimir"]
[Result "1-0"]
[WhiteElo "2485"]
[BlackElo "2375"]

1.d4 Nf6 2.Nf3 e6 3.c4 b6 4.a3 Bb7 5.Nc3 g6 6.Bg5 h6 7.Bh4 Bg7 8.e3 d6 9.d5 e5
10.Nd2 O-O 11.e4 Nbd7 12.f3 Qe8 13.g4 Nh7 14.Bd3 Bf6 15.Bf2 Bg5 16.h4 Bf4
17.Ne2 a5 18.Nb3 Qe7 19.Nxf4 exf4 20.Nd4 Ne5 21.Be2 Bc8 22.Qd2 Qf6 23.O-O-O Bd7
24.g5 Qe7 25.Qxf4 hxg5 26.hxg5 Qxg5 27.Qxg5 Nxg5 28.Be3 f6 29.Rdg1 c5 30.dxc6 Nxc6
31.Nxc6 Bxc6 32.Bxb6 Kf7 33.Be3 Ne6 34.Rh7+ Kg8 35.Re7 Ng5 36.Bxg5 fxg5 37.Re6 Kg7
38.Rxd6 Rf6 39.Rgd1 Ba4 40.R1d5 Bb3 41.Rd7+ Rf7 42.Rxf7+ Kxf7 43.Rxg5 Kf6
44.Rc5 g5 45.Bd1 Bxd1 46.Kxd1 a4 47.Kc2 Rh8 48.Rf5+ Kg6 49.c5  1-0

[Event "Cheliabinsk-A"]
[Site "Cheliabinsk"]
[Date "1990.??.??"]
[Round "?"]
[White "Ganbaatar, Ishdagva"]
[Black "Maksimovic, Branimir"]
[Result "0-1"]
[WhiteElo "2255"]
[BlackElo "2375"]

1.d4 Nf6 2.c4 e6 3.Nf3 b6 4.a3 Ba6 5.Qa4 c5 6.Bf4 Bb7 7.Nc3 Be7 8.Rd1 cxd4
9.Rxd4 O-O 10.e3 Bxf3 11.gxf3 e5 12.Bxe5 Nc6 13.Bxf6 Bxf6 14.Rg4 Bxc3+ 15.bxc3 Qf6
16.Qc2 Ne5 17.Rf4 Qe7 18.a4 Rac8 19.Be2 Rc6 20.Re4 f5 21.Rf4 Qg5 22.h4 Qg2
23.Rf1 Qh3 24.Rg1 Ng6 25.Rd4 Nxh4 26.Qd1 Qh2 27.Rf1 f4 28.e4 Qh3 29.Qd3 Rf7
30.Rd5 Qe6 31.Qd4 Ng6 32.Rh1 d6 33.Rdh5 h6 34.Qd5 Qxd5 35.exd5 Rc5 36.Rg1 Rf6
37.Kd2 Ne5 38.Rxe5 dxe5 39.Kd3 Kf7 40.Ke4 Rd6 41.Kxe5 Re6+  0-1

[Event "ESP-chT"]
[Site "?"]
[Date "1990.??.??"]
[Round "?"]
[White "Cramling, Pia"]
[Black "Corral Blanco, Juan A"]
[Result "1/2-1/2"]
[WhiteElo "2470"]
[BlackElo "2360"]

1.d4 Nf6 2.c4 e6 3.Nf3 b6 4.a3 Bb7 5.Nc3 d5 6.cxd5 Nxd5 7.Qc2 Be7 8.Bd2 Nd7
9.e4 Nxc3 10.Bxc3 Bf6 11.Rd1 Qc8 12.Bd3 Ba6 13.O-O Bxd3 14.Rxd3 O-O 15.Rfd1 Re8
16.b4 c6 17.Bd2 Qb7 18.Rc3 Rac8 19.Rc1 Nb8 20.Bf4 Qa6 21.a4 c5 22.bxc5 bxc5
23.Rxc5 Rxc5 24.dxc5 e5 25.Bd2 Nc6 26.Qc4 Qxc4 27.Rxc4 Rb8 28.Kf1 Be7 29.Ke2 f6
30.Kd3 Rd8+ 31.Kc2 Kf7 32.Be3 Rb8 33.Ne1 Ke6 34.Nd3 Kd7 35.f4 exf4 36.Bxf4 Rb7
37.Bd2 Bd8 38.Nb4 Bc7 39.h3 Be5 40.Nxc6 Kxc6 41.Bc3 Bxc3 42.Rxc3 Rb4 43.Rg3 g6
44.Rf3 Rxa4 45.Rxf6+ Kxc5 46.Rf7 Ra2+ 47.Kd3 h6 48.Rc7+ Kd6 49.Rh7 h5 50.g4 hxg4
51.hxg4 Ke5 52.Rg7 Ra3+ 53.Ke2 Kf6 54.Rc7 Kg5 55.Rc6 a5 56.Ra6 a4 57.e5 Ra1
58.e6 Kf6 59.g5+ Ke7 60.Kf2 a3 61.Kg2  1/2-1/2

[Event "BL2-N8990"]
[Site "Germany"]
[Date "1990.??.??"]
[Round "?"]
[White "Dankert, Peter"]
[Black "Chochulski, Artur"]
[Result "1/2-1/2"]
[WhiteElo "2245"]
[BlackElo "2290"]

1.d4 Nf6 2.Nf3 e6 3.c4 b6 4.a3 Bb7 5.Nc3 d5 6.cxd5 Nxd5 7.Qc2 Nxc3 8.Qxc3 Be7
9.Bf4 O-O 10.e3 c5 11.dxc5 bxc5 12.Be2 Qb6 13.O-O Nd7 14.Nd2 Bf6 15.Qc2 Ba6
16.Bxa6 Qxa6 17.Rfd1 Ne5 18.Ne4 Qc4 19.Nxf6+ gxf6 20.Qd2 Ng6 21.Rac1 Qb5
22.Bd6 Rfd8 23.Qc3 Kg7 24.Bxc5 a5 25.h3 Rac8 26.b4 Rxd1+ 27.Rxd1 Ne5 28.Qd4 Qa4
29.bxa5 Qxa5 30.Bb4 Qb5 31.f4 Nc6 32.Qc5 Qe2 33.Re1 Nxb4 34.Rxe2 Rxc5 35.axb4 Rc1+
36.Kf2 Rb1 37.Ra2 Rxb4  1/2-1/2

[Event "Groningen op"]
[Site "Groningen"]
[Date "1990.??.??"]
[Round "6"]
[White "Zamansky, L."]
[Black "Vehi Bach, Victor Manuel"]
[Result "0-1"]
[WhiteElo "2320"]
[BlackElo "2400"]

1.d4 Nf6 2.c4 e6 3.Nf3 b6 4.a3 Ba6 5.Qc2 Bb7 6.Nc3 c5 7.dxc5 bxc5 8.Bf4 d6
9.Rd1 Qb6 10.h3 Be7 11.e3 O-O 12.Be2 Rd8 13.O-O Nbd7 14.Rd2 Nf8 15.Rfd1 Rac8
16.Bh2 Ng6 17.Ne1 Rd7 18.Bf3 Bxf3 19.Nxf3 Qc6 20.e4 e5 21.Nd5 Nxd5 22.Rxd5 Rb7
23.b3 Rcb8 24.R1d3 Nf8 25.Bg3 Ne6 26.Kh2 Nc7 27.Nxe5 dxe5 28.Bxe5 Nxd5 29.cxd5 Qe8
30.Bxb8 Qxb8+ 31.g3 Bd6 32.Qc4 Re7 33.Re3 f6 34.f4 Qb6 35.Kg2 a6 36.Kf3 Qb5
37.Qxb5 axb5 38.a4 bxa4 39.bxa4 Kf7 40.Rb3 c4 41.Rb6 Rc7 42.Ke2 c3 43.Rc6 Rxc6
44.dxc6 Bc7 45.Kd3 Ba5 46.c7 Bxc7 47.Kxc3 g5 48.e5 fxe5 49.f5 e4 50.g4 Bb6
51.a5 Bxa5+ 52.Kd4 Ke7 53.Kxe4 Kd6 54.h4 h6 55.hxg5 hxg5 56.Kd4 Bb6+ 57.Ke4 Ba7
58.Kf3 Ke5 59.Kg3 Bb6 60.Kf3 Bd4  0-1

[Event "HUN-chop"]
[Site "Gyor"]
[Date "1990.??.??"]
[Round "1"]
[White "Koczka, Zsolt"]
[Black "Arkhipov, Sergey"]
[Result "0-1"]
[WhiteElo "2240"]
[BlackElo "2475"]

1.d4 Nf6 2.c4 e6 3.Nf3 b6 4.a3 c5 5.d5 Ba6 6.dxe6 fxe6 7.Qa4 Be7 8.Nc3 O-O
9.e4 Bb7 10.Qc2 Nc6 11.Bd3 Qc7 12.Qe2 a6 13.e5 Nh5 14.h4 g6 15.Bh6 Rxf3 16.gxf3 Nd4
17.Qe3 Nxf3+ 18.Kf1 Qxe5 19.Rh3 Qxe3 20.Bxe3 Nxh4 21.Ke2 Bg2 22.Rh2 Rf8 23.Rg1 Bf3+
24.Kf1 Bc6 25.Rg4 Nf5 26.Ke1 Nf6 27.Rg1 Bd6 28.Rh3 Be5 29.Kd2 Rf7 30.b4 Nd4  0-1

[Event "HUN-chop"]
[Site "Gyor"]
[Date "1990.??.??"]
[Round "2"]
[White "Kiselev, Sergey"]
[Black "Pavlovic, Dragoljub"]
[Result "1-0"]
[WhiteElo "2440"]
[BlackElo "2330"]

1.d4 Nf6 2.c4 e6 3.Nf3 b6 4.a3 Bb7 5.Nc3 d5 6.cxd5 Nxd5 7.e3 Nd7 8.Bd3 g6
9.h4 h5 10.e4 Nxc3 11.bxc3 Bg7 12.Bg5 Qc8 13.Qe2 c5 14.O-O O-O 15.a4 a6 16.e5 Qc6
17.Rfe1 Rfc8 18.Be7 Bf8 19.Bxf8 Nxf8 20.Qf1 cxd4 21.Be4 Qd7 22.cxd4 Bd5 23.Qd3 b5
24.Reb1 bxa4 25.Rb4 a5 26.Rbxa4 Rc1+ 27.Rxc1 Qxa4 28.Rc7 Rd8 29.Bxd5 Rxd5
30.Qe3 Nh7 31.Rc8+ Kg7 32.Qf4 Qd7 33.Qc1 Qb5 34.Qc3 Qb1+ 35.Kh2 Qe4 36.Rb8 g5
37.hxg5 h4 38.Qc8 Qf4+ 39.g3  1-0

[Event "Hamburg-ch"]
[Site "Hamburg"]
[Date "1990.??.??"]
[Round "?"]
[White "Dankert, Peter"]
[Black "Rhodin, Christian"]
[Result "1/2-1/2"]
[WhiteElo "2245"]
[BlackElo "2255"]

1.d4 Nf6 2.Nf3 e6 3.c4 b6 4.a3 c5 5.d5 Ba6 6.dxe6 fxe6 7.Nbd2 d5 8.g3 Be7
9.Bh3 Qd6 10.Ng5 Bc8 11.cxd5 Qxd5 12.Ngf3 Nc6 13.O-O O-O 14.Bg2 Bb7 15.Nh4 Qh5
16.Qa4 Rac8 17.Nhf3 Rcd8 18.Qc4 Nd5 19.Qe4 Qf5 20.Qa4 Qh5 21.Ne4 h6 22.Bd2 a6
23.Qc2 Qf5 24.Rac1 Nf6 25.Nh4 Qh5 26.Nxf6+ Bxf6 27.Nf3 Nd4 28.Nxd4 Bxg2 29.Kxg2 Bxd4
30.Bc3 Qd5+ 31.Kg1 Qf5 32.Bxd4 Qxc2 33.Rxc2 Rxd4 34.e3 Rd3 35.Rfc1 Rfd8 36.Kg2 Kf7
37.b4 Rxa3 38.bxc5 bxc5 39.Rxc5 Rd2 40.R5c2 Rxc2 41.Rxc2 Kf6 42.Rc7  1/2-1/2

[Event "Hastings Challengers9091"]
[Site "Hastings"]
[Date "1990.??.??"]
[Round "?"]
[White "Krasenkow, Michal"]
[Black "Emms, John M"]
[Result "1-0"]
[WhiteElo "2535"]
[BlackElo "2430"]

1.d4 Nf6 2.c4 e6 3.Nf3 b6 4.a3 c5 5.d5 Ba6 6.Qc2 exd5 7.cxd5 g6 8.Nc3 Bg7
9.g3 O-O 10.Bg2 d6 11.O-O Re8 12.b4 Nbd7 13.Bb2 Bc4 14.Rfd1 cxb4 15.axb4 Rc8
16.Qd2 Bxe2 17.Nxe2 Ne4 18.Qd3 Bxb2 19.Rxa7 Nc3 20.Nxc3 Bxc3 21.Bh3 f5 22.Rc1 Ne5
23.Nxe5 Bxe5 24.Rxc8 Qxc8 25.Qb5 Bd4 26.Qc6 Re1+ 27.Bf1 Rc1 28.Qxd6 Bxf2+
29.Kg2 Rc2 30.Kh1 Qe8 31.Re7 Qc8 32.Qf6  1-0

[Event "Helsinki"]
[Site "Helsinki"]
[Date "1990.??.??"]
[Round "3"]
[White "Pyhala, Antti"]
[Black "Rantanen, Yrjo A"]
[Result "1/2-1/2"]
[WhiteElo "2375"]
[BlackElo "2405"]

1.d4 Nf6 2.c4 e6 3.Nf3 b6 4.a3 d5 5.cxd5 exd5 6.Nc3 Be7 7.Qa4+ Bd7 8.Qb3 Be6
9.g3 O-O 10.Bg2 Ne4 11.Nd2 Nxc3 12.bxc3 Nc6 13.O-O Na5 14.Qc2 c5 15.dxc5 Bxc5
16.Nf3 Qf6 17.Bg5 Qf5 18.Qxf5 Bxf5 19.Nd4 Be4 20.Rfd1 Rfe8 21.Ra2 Rac8 22.Bh3 Rc7
23.Nb5 Rb7 24.Bf4 Nc4 25.a4 h6 26.Nc7 Rd8 27.Bg2 Bxg2 28.Kxg2 g5 29.Nxd5 Kg7
30.Bc1 f5 31.f3 Rbd7 32.e4 g4 33.Bf4 gxf3+ 34.Kxf3 fxe4+ 35.Kxe4 Re8+ 36.Kf3 Red8
37.Ke4 Re8+  1/2-1/2

[Event "Karl-Marx-Stadt"]
[Site "Karl-Marx-Stadt"]
[Date "1990.??.??"]
[Round "?"]
[White "Lorenz, Gerd"]
[Black "Steudtmann, Christian"]
[Result "1/2-1/2"]
[WhiteElo "2275"]
[BlackElo "2200"]

1.d4 Nf6 2.Nf3 e6 3.c4 b6 4.a3 Bb7 5.Nc3 d5 6.cxd5 Nxd5 7.Qa4+ Qd7 8.Qc2 Nxc3
9.Qxc3 Bd6 10.g3 O-O 11.Bg2 Bd5 12.O-O Qc6 13.Bd2  1/2-1/2

[Event "Balkaniad"]
[Site "Kavala"]
[Date "1990.??.??"]
[Round "5"]
[White "Ionescu, Constantin"]
[Black "Dizdarevic, Emir"]
[Result "1/2-1/2"]
[WhiteElo "2440"]
[BlackElo "2500"]

1.d4 Nf6 2.c4 e6 3.Nf3 b6 4.a3 Ba6 5.Nbd2 d5 6.Qa4+ c6 7.Qc2 Be7 8.e4 dxe4
9.Nxe4 Bb7 10.Bd3 Nbd7 11.Qe2 O-O 12.O-O c5 13.Rd1 cxd4 14.Nxd4 Nxe4 15.Bxe4 Bxe4
16.Qxe4 Qc8 17.Nc6 Re8 18.b4 a5 19.Nxe7+ Rxe7 20.Bb2 Nf8 21.Rac1 axb4 22.axb4 f6
23.Rd6 Ra2 24.Bd4 Rc7 25.c5 bxc5 26.Bxc5 Ra6 27.Rdd1 Nd7 28.Be3 Qb7 29.Qd3 Rxc1
30.Rxc1 Rc6 31.Rxc6 Qxc6 32.b5 Qc7 33.Qb3 Kf7 34.b6 Qb7 35.h3 Nb8 36.Qc2 Nc6
37.Qxh7 Ne7 38.Qh5+ Kf8 39.Bc5 Qc6 40.Qh8+ Kf7 41.Bxe7 Qc1+ 42.Kh2  1/2-1/2

[Event "Las Palmas"]
[Site "Las Palmas"]
[Date "1990.??.??"]
[Round "?"]
[White "Cramling, Pia"]
[Black "Garcia Padron, Jose"]
[Result "1-0"]
[WhiteElo "2470"]
[BlackElo "2420"]

1.d4 Nf6 2.c4 e6 3.Nf3 b6 4.a3 Bb7 5.Nc3 d5 6.cxd5 Nxd5 7.Qc2 Nxc3 8.bxc3 Nd7
9.e4 Be7 10.Bd3 c5 11.O-O Qc7 12.Qe2 O-O 13.Bb2 Qf4 14.Rfe1 Rfd8 15.Rad1 Rac8
16.h3 Qh6 17.Nh2 Nf6 18.Qf1 g6 19.d5 c4 20.Bxc4 exd5 21.Bxd5 Nxd5 22.exd5 Qf8
23.c4 Ba6 24.Qe2 Bg5 25.Ng4 Bxc4 26.Qe5 f6 27.Qe6+ Qf7 28.f4 Qxe6 29.dxe6 Rxd1
30.Rxd1 Bxf4 31.e7 Bc7 32.Nxf6+ Kf7 33.Rd7  1-0

[Event "Leningrad it"]
[Site "Leningrad"]
[Date "1990.??.??"]
[Round "?"]
[White "Ivanov, Sergey"]
[Black "Emms, John M"]
[Result "1/2-1/2"]
[WhiteElo "2460"]
[BlackElo "2430"]

1.d4 Nf6 2.c4 e6 3.Nf3 b6 4.a3 Bb7 5.Nc3 Ne4 6.Nxe4 Bxe4 7.e3 Be7 8.Bd3 Bxd3
9.Qxd3 d5 10.e4 c6 11.O-O O-O 12.Ne5 Bd6 13.exd5 cxd5 14.cxd5 exd5 15.Re1 Re8
16.Bf4 Bxe5 17.dxe5 Nc6 18.b4 a6 19.b5 axb5 20.Qxb5 Rc8 21.Bg3 g6 22.f4 Nd4
23.Qd3 Nf5 24.Red1 d4 25.Bf2 h5 26.g3 Re7 27.h3 Rd7 28.Rab1 Kg7 29.Rdc1 Rxc1+
30.Rxc1 Rc7 31.Rxc7 Qxc7 32.g4 hxg4 33.hxg4 Nh6 34.Qxd4 Nxg4 35.Bh4 Qc2  1/2-1/2